00543nam a22001937a 45000010005000000030009000050050017000140070005000310080033000360200015000690400022000841000018001062450067001242600057001913000031002484900023002797000024003028300023003260074DO-SdBNP20180316085744.00074151012b 1986 xxu 00| 0 spa d a0307602745 aBPMSUbspacBPMSU1 a Carol North,10aFlying is fun! /cby Carol North ; illustrated by Terri Super. aNew York : bGolden Book, bWestern Pub. Co, c1986. a[24] p. :bil. ; c21 cm.1 aLittle golden book aSuper, Terri, eil. 0aLittle golden book